00474 a2200169 450000100060000002000180000604000260002410000210005024000270007124500250009830000090012336200090013265000310014194200070017295201080017999900170028748280 a9788508047369 cAnchieta - Bela Vista aIacocca, Michele10aSerafina sem rotina l10aSerafina sem rotina  a48p.0 a1999 4aLiteratura infanto-juvenil cBK 00104070a91.4b91.4d2023-11-21l0o028.5 P853s POR SERp37/BELr2023-11-21 17:39:33w2023-11-21yBK c48280d48280